| 000 | 00666nam a22002177a 4500 | ||
|---|---|---|---|
| 999 |
_c6437 _d6437 |
||
| 001 | 8760 | ||
| 003 | BD-DhUAP | ||
| 005 | 20201231113925.0 | ||
| 008 | 201231s1961 njua b 000 0 eng | ||
| 020 | _a812030361x | ||
| 040 |
_aDLC/ICU _cICU _dBD-DhUAP _bEng |
||
| 082 | 0 | 0 |
_a515.35 COD _223 |
| 100 | 1 | _aCoddington, Earl A. | |
| 245 | 1 | 3 |
_aAn introduction to ordinary differential equations / _cEarl A. Coddington. |
| 260 |
_aNew Delhi : _bPrentice-Hall, _cc1961. |
||
| 300 |
_axi, 292 pages : _billustrations ; _c24 cm. |
||
| 490 | _aPrentice-Hall mathematics series. | ||
| 504 | _aIncludes bibliography. | ||
| 650 | 0 | _aDifferential equations. | |
| 942 |
_2ddc _cBK |
||